LEADER 01039nam a2200265 i 4500 001 000000151008 003 CaOOAMICUS 005 20060620000000.0 008 060620s1976 it u000 u ita u 013 $a128346 040 $aSeMil$bita 100 1 $aBiagini, Mario.$0(OLS)http://semarc/name/36855 245 10$aGiosue Carducci /$cMario Biagini. 260 $aMilano :$bMursia,$cristampa 1976. 300 $a915 p., [32] p. di tav. ;$c21 cm. 490 0 $aStrumenti per una nuova cultura. Biografie critiche ;$v4 500 $aFondo Ciprandi. 600 14$aCarducci, Giosuč <1835-1907>.$0(OLS)http://semarc/subject/4815 830 0$aStrumenti per una nuova cultura. Biografie critiche ;$v4.$0(OLS)http://semarc/title/21026 850 $aSeMil 852 $aSeMil$W1$xVenegono$y1$m1D III 119$j103062$B103062$CSeMilBibl$Z2$F112087 $81 941 1 $a1 961 $aOmaggio: Ciprandi dott. Paolo 996 $6245$aGiosue Carducci$9(OLS)http://semarc/title/220736 996 $6260$aMilano :$bMursia$9(OLS)http://semarc/publisher/30230 LEADER 00916nam a2200217 i 4500 001 000000057210 003 CaOOAMICUS 005 20170801000000.0 008 170801s1865 it u000 u ita u 013 $a28382 040 $aSeMil$bita 100 1 $aMenke, Theodor.$0(OLS)http://semarc/name/90742 245 10$aAtlante del mondo antico :$bpubblicato ad uso delle scuole del Regno d'Italia /$cda Teodoro Menke. 250 $a4. Ed. 260 $aGotha :$bGiusto Perthes,$c1865. 300 $a16 p., 18 c. di tav. :$bc. geogr. ;$c25x32 cm. 650 4$aAtlanti storici.$0(OLS)http://semarc/subject/3031 850 $aSeMil 852 $aSeMil$W1$xVenegono$y1$m3XB VI 3 FA$j23364$B23364$CSeMilBibl$Z2$F23366 $8I 996 $6245$aAtlante del mondo antico :$bpubblicato ad uso delle scuole del Regno d'Italia$9(OLS)http://semarc/title/402595 996 $6260$aGotha :$bGiusto Perthes$9(OLS)http://semarc/publisher/40218